000 00594cam a2200193 4500500
005 20260405001745.0
041 _afre
042 _adc
100 1 0 _aEnjalbert, Cédric
_eauthor
245 0 0 _aErich Beaud: “Je me sens retraité du sport extrême”
260 _c2014.
500 _a33
690 _aDanger
690 _aParalpinisme
690 _aRisque
690 _aSport extrême
786 0 _nPhilosophie magazine | 80 | 6 | 2014-06-01 | p. 21-21 | 1951-1787
856 4 1 _uhttps://shs.cairn.info/magazine-philosophie-magazine-2014-6-page-21?lang=fr&redirect-ssocas=7080
999 _c2050753
_d2050753